| 000 | 00530cam a2200193 4500 | ||
|---|---|---|---|
| 008 | 020716n2002 000 0 eng u | ||
| 020 | _a1860815391 | ||
| 035 | _a(Sirsi) u118846 | ||
| 050 | _a690.18 | ||
| 100 | _aGarvin, S. | ||
| 245 | _aWhole life performance of domestic automatic window controls | ||
| 260 |
_aGarston _bBRE _c2002 |
||
| 300 |
_a16p _bill. _c30cm. |
||
| 490 |
_aInformation Paper _v3/02 |
||
| 650 | _aWINDOW DESIGN | ||
| 650 | _aWINDOWS | ||
| 690 | _aBUILT ENVIRONMENT-CONSTRUCTION DESIGN | ||
| 942 | _n0 | ||
| 999 |
_c102183 _d102183 |
||